Business premises possession and lease renewals (Record no. 110483)

MARC details
000 -LEADER
fixed length control field 00434cam a22001815a 4500
001 - CONTROL NUMBER
control field L149394
008 - FIXED-LENGTH DATA ELEMENTS--GENERAL INFORMATION
fixed length control field 100301s xxk f 000 0 eng d
020 ## - INTERNATIONAL STANDARD BOOK NUMBER
International Standard Book Number 9781847035424
035 ## - SYSTEM CONTROL NUMBER
System control number (Sirsi) u149394
041 0# - LANGUAGE CODE
Language code of text/sound track or separate title eng
050 ## - LIBRARY OF CONGRESS CALL NUMBER
Classification number 346.41043462
100 1# - MAIN ENTRY--PERSONAL NAME
Personal name Webber, Gary
245 00 - TITLE STATEMENT
Title Business premises possession and lease renewals
250 ## - EDITION STATEMENT
Edition statement 4th ed.
350 ## - PRICE (NR) (BK AM CF MU VM SE) [OBSOLETE]
Price 95.00
651 #4 - SUBJECT ADDED ENTRY--GEOGRAPHIC NAME
Geographic name ENGLAND AND WALES
942 ## - ADDED ENTRY ELEMENTS (KOHA)
Suppress in OPAC 0
Source of classification or shelving scheme Dewey Decimal Classification
Holdings
Withdrawn status Lost status Source of classification or shelving scheme Damaged status Not for loan Home library Current library Shelving location Date acquired Cost, normal purchase price Total Checkouts Full call number Barcode Date last seen Copy number Cost, replacement price Price effective from Koha item type
    Dewey Decimal Classification     London London Books 15/03/2010 95.00   346.4104362 30075396 06/08/2019 1 95.00 06/08/2019 Book